| 000 | 00000nas 2200000za 4500 |
| 001 | 9.502156 |
| 003 | CaOODSP |
| 005 | 20230821160540 |
| 007 | cr ||||||||||| |
| 008 | 150406d20052005xxc|| p o||||f| |0fre|d |
| 040 | |aCaOODSP|bfre |
| 043 | |an-cn--- |
| 086 | 1 |aFs121-8F-PDF |
| 110 | 1 |aCanada. |bMinistère des pêches et des océans. |bRégion du Québec, |eauteur, |eorganisme de publication. |
| 245 | 10|aLes pêches maritimes du Québec, séries statistiques / |cPublié par Division régionale de la Gestion des pêches, Division de la statistique et des permis. |
| 264 | 1|aQuébec, Québec : |bPêches et Océans Canada, |cDate de parution : mai 2007. |
| 310 | |aIrrégulier |
| 362 | 1 |aParaît depuis et ne paraît plus après 1998-2005. |
| 775 | 08|tQuebec marine fisheries statistics series / |w(CaOODSP)9.505751 |